|
|
|
|
| LEADER |
01072nam a2200241 a 4500 |
| 001 |
GR-Antirio350 |
| 008 |
070831s19962003enk b 001 0 gre d |
| 020 |
|
|
|a 0749439653
|
| 040 |
|
|
|a GrPaTEI
|b gre
|c GR-PaULI
|
| 040 |
|
|
|a GrPaTEI
|b gre
|c GR-PaULI
|
| 040 |
|
|
|a GrPaTEI
|b gre
|c GR-PaULI
|
| 082 |
|
0 |
|a 658.4
|2 21
|
| 100 |
0 |
|
|a Young, Trevor L.
|q (Trevor Leonard),
|d 1940-
|
| 245 |
1 |
4 |
|a The handbook of project management :
|b A practical guide to effective policies and procedures /
|c Young, Trevor L.
|
| 250 |
|
|
|a 2nd ed.
|
| 260 |
|
|
|a London :
|b Kogan Page,
|c c 2003
|
| 300 |
|
|
|a viii. , 295 σ. :
|b εικ. ;
|c 24 εκ. +
|e 1 cd-rom.
|
| 504 |
|
|
|a Περιλαμβάνει βιβλιογραφίες και ευρετήριο.
|
| 653 |
|
|
|a PROJECT MANAGEMENT--HANDBOOKS, MANUALS , etc.
|
| 942 |
|
|
|2 ddc
|
| 952 |
|
|
|0 0
|1 0
|2 ddc
|4 0
|6 658_400000000000000_YOU
|7 0
|9 260718
|a LISK-2
|b LISK-2
|c BSC
|d 2021-01-17
|e 24
|f 0
|g 0.00
|l 0
|o 658.4 YOU
|p 2430000004676
|r 2021-01-17 00:00:00
|t 1
|w 2021-01-17
|y BK15
|x 20070831 0 1
|x GrPaTEI - Antirrio
|
| 971 |
|
|
|a .b25701496
|b 01-10-20
|c 12-09-16
|
| 999 |
|
|
|c 150887
|d 150887
|